000 00819nas a2200265 4500
001 BR0404853
003 BR-BrBNA
005 20231205104905.0
007 ta
008 230509b bl.|||p| |||| 00| 00por d
040 _aBR-BrBNA
_bpor
_cBiblioteca Nacional de Agricultura
041 _a(Pt)
072 _aJ11
100 1 _aAfonso Júnior, P.C.
100 1 _aCorrêa, P.C.
245 1 _aInfluência do tempo de armazenagem na cor dos grãos de café pré-processados por "via seca" e "via úmida"
650 _aCAFÉ
650 _aGRÃO
650 _aCOR
650 _aARMAZENAMENTO DE ALIMENTO
650 _aQUALIDADE
773 0 _tCiência e Agrotecnologia (Brazil)
_xISSN 1413-7054
_g(Nov-Dec 2003), v. 27(6) p. 1268-1276
_wBR0404853
909 _a202311
_bLúcia
_c55
_dLúcia Elande
942 _2AGRIS
_n0
_cANA
999 _c180155
_d180155